Manual de filosofía /
Guardado en:
| Autor Principal: | |
|---|---|
| Otros Autores: | |
| Formato: | Libro |
| Publicado: |
Buenos Aires :
Cartago,
1985
|
| Edición: | 4a. ed. / al cuidado de nestor acosta |
| Materias: | |
| Etiquetas: |
Agregar Etiqueta
Sin Etiquetas, Sea el primero en etiquetar este registro!
|
| LEADER | 01631nam a22002055a 4500 | ||
|---|---|---|---|
| 001 | CEM.cems000327 | ||
| 005 | 20061024155627.0 | ||
| 008 | 130507s1985##################000#0#####d | ||
| 003 | CEMS | ||
| 020 | |a 9506500223 | ||
| 082 | 0 | 4 | |a 100 |
| 100 | 1 | |a Afanasiev, Victor | |
| 245 | 1 | 0 | |a Manual de filosofía / |c Víctor Afanasiev ; traducido Por Alcira Kessler |
| 250 | |a 4a. ed. / al cuidado de nestor acosta | ||
| 260 | |a Buenos Aires : |b Cartago, |c 1985 | ||
| 300 | |a 382 p. | ||
| 505 | 0 | |a La filosofía como ciencia -- La lucha entre el materialismo y el idealismo en la filosofía premarxista -- Surgimiento y desarrollo de la filosofía marxista -- Materialismo dialéctico -- La materia y sus formas de existencia -- La materia y la conciencia -- La dialéctica marxista como doctrina del desarrollo y concatenación universal -- Leyes fundamentales de la dialéctica -- Categorías de la dialéctica materialista -- Teoría del conocimiento del materialismo dialéctico -- Materialismo histórico -- Que estudia el materialismo histórico -- El modo de producción, base material de la vida de la sociedad -- El modo socialista de producción, transformación del socialismo al comunismo -- Base y superestructura -- Las masas populares, fuerza determinante del desarrollo social. Papel del individuo en la historia -- Las clases y la lucha de clases -- Las naciones y el movimiento de liberación nacional -- El estado -- La revolución social -- La conciencia social y su papel en el desarrollo de la sociedad | |
| 653 | |a Filosofía | ||
| 700 | 1 | |a Kessler, Alcira, trad. | |
| 859 | |a CEMS |b BIB. CEMS - 11 de abril |h 100 |i Af16a4 |p 14429.87 |t Ej.1 | ||
